| 000 | 00633nam a2200217Ia 4500 | ||
|---|---|---|---|
| 001 | 5607 | ||
| 003 | GE_BSU | ||
| 008 | 181216s||||||||xx |||||||||||||| ||und|| | ||
| 040 | _cGE_BSU | ||
| 080 | _a519.21 | ||
| 100 | _aКордемский Б. А. | ||
| 245 | _aМатематика изучает случайности. | ||
| 245 | _bПособие для учащихся | ||
| 245 | _cред. С.В.Павельский | ||
| 260 | _aМосква | ||
| 260 | _bПросвещение | ||
| 260 | _c1975. | ||
| 300 | _a223 с 20 см. | ||
| 653 | _aМатематика изучает случайности | ||
| 942 | _cBK | ||
| 999 |
_c39064 _d39064 |
||